[Event "Palma De Mallorca GP 2017"]
[Site "Palma de Mallorca ESP"]
[Date "2017.11.24"]
[Round "8.7"]
[White "Li, Chao b"]
[Black "Giri, Anish"]
[Result "1-0"]
[WhiteTitle "GM"]
[BlackTitle "GM"]
[WhiteElo "2741"]
[BlackElo "2762"]
[WhiteFideId "8604436"]
[BlackFideId "24116068"]
[EventDate "2017.11.16"]
[EventType "swiss"]

1. d4 d5 2. c4 c6 3. cxd5 cxd5 4. Nf3 Nf6 5. Nc3 Nc6 6. Bf4 Bf5 7. e3 e6 8. Qb3
Bb4 9. Ne5 Qb6 10. Nxc6 bxc6 11. Be2 Ne4 12. f3 Nxc3 13. bxc3 Be7 14. c4 Qxb3
15. axb3 Bb4+ 16. Kf2 a5 17. Rhc1 Kd7 18. g4 Bg6 19. cxd5 exd5 20. e4 dxe4 21.
d5 c5 22. Bb5+ Kd8 23. Bd6 Rc8 24. Bc6 h5 25. g5 exf3 26. Bxc5 Bxc5+ 27. Rxc5
Re8 28. Rcxa5 Re2+ 29. Kxf3 Rxh2 30. b4 Kc7 31. b5 Rh3+ 32. Kf2 Rb3 33. Ra7+ Kd6
34. Rd7+ Kc5 35. Rc1+ Kd4 36. d6 Rb2+ 37. Kg1 Bf5 38. Rxf7 g6 39. d7 Rd8 40. Re7 1-0

[Event "Palma De Mallorca GP 2017"]
[Site "Palma de Mallorca ESP"]
[Date "2017.11.24"]
[Round "8.9"]
[White "Hammer, Jon Ludvig"]
[Black "Riazantsev, Alexander"]
[Result "1/2-1/2"]
[WhiteTitle "GM"]
[BlackTitle "GM"]
[WhiteElo "2629"]
[BlackElo "2651"]
[WhiteFideId "1503707"]
[BlackFideId "4125029"]
[EventDate "2017.11.16"]
[EventType "swiss"]

1. e4 e6 2. d4 d5 3. exd5 exd5 4. Nf3 Nc6 5. Bd3 Nb4 6. Bb5+ c6 7. Be2 Bf5 8.
Na3 Na6 9. O-O Nc7 10. Re1 Be7 11. c3 Nf6 12. Nc2 O-O 13. Ne3 Be4 14. Ne5 c5 15.
f3 Bg6 16. Bd3 Re8 17. Nf5 Bf8 18. g4 Nd7 19. Kg2 Nxe5 20. dxe5 f6 21. Bf4 Bxf5
22. gxf5 fxe5 23. Bxe5 Be7 24. f4 Bf6 25. Qh5 Re7 26. c4 d4 27. Re2 Qe8 28.
Qxe8+ Nxe8 29. Kg3 Kf8 30. Rae1 Rd8 31. Bxf6 Rxe2 32. Bxg7+ Nxg7 33. Rxe2 Kf7
34. Kf3 b6 35. a3 a5 36. b4 axb4 37. axb4 Ne8 38. Re6 Rd6 39. bxc5 bxc5 40. Re5
Rc6 41. Be4 Rc7 42. Bd5+ Kf8 43. Re6 Re7 44. Rc6 Rc7 45. Re6 Re7 46. Rb6 Kg7 47.
Rc6 Nf6 48. Rxc5 Re3+ 49. Kf2 Ng4+ 50. Kg2 Rc3 51. Rc7+ Kh6 52. h3 Ne3+ 53. Kf2
Nxd5 54. Rc6+ Nf6 55. Rxf6+ Kg7 56. Rc6 Rxh3 57. c5 Rh2+ 58. Kf3 d3 59. Ke4 d2
60. Rd6 h5 61. c6 h4 62. f6+ Kg6 63. f7+ Kxf7 64. Kf5 d1=Q 65. Rxd1 Rc2 66. Rd7+
Ke8 67. Rc7 Kd8 68. Rh7 Rxc6 69. Rxh4 Ke7 70. Kg5 Kf7 71. f5 Ra6 72. Rh7+ Kf8
73. Rh6 Rxh6 74. Kxh6 Kf7 75. Kg5 Kg7 76. f6+ Kf7 77. Kf5 Kf8 78. Kg6 Kg8 79.
f7+ Kf8 80. Kf6 1/2-1/2

[Event "Palma De Mallorca GP 2017"]
[Site "Palma de Mallorca ESP"]
[Date "2017.11.25"]
[Round "9.4"]
[White "Harikrishna, Pentala"]
[Black "Svidler, Peter"]
[Result "1/2-1/2"]
[WhiteTitle "GM"]
[BlackTitle "GM"]
[WhiteElo "2738"]
[BlackElo "2763"]
[WhiteFideId "5007003"]
[BlackFideId "4102142"]
[EventDate "2017.11.16"]
[EventType "swiss"]

1. c4 e5 2. Nc3 Nf6 3. Nf3 Nc6 4. e3 Bb4 5. Qc2 Bxc3 6. bxc3 O-O 7. Be2 d6 8. d3
Qe7 9. e4 Ne8 10. Ba3 b6 11. O-O f5 12. d4 exd4 13. e5 d3 14. Qxd3 Bb7 15. exd6
Nxd6 16. Rfe1 Rad8 17. Bf1 Qf6 18. c5 Ne4 19. Qc4+ Rf7 20. Rad1 Rxd1 21. Rxd1 h6
22. cxb6 axb6 23. Rd7 Na5 24. Qxc7 Rxd7 25. Qxd7 Qxc3 26. Qe8+ Kh7 27. Ne5 1/2-1/2

[Event "Palma De Mallorca GP 2017"]
[Site "Palma de Mallorca ESP"]
[Date "2017.11.25"]
[Round "9.5"]
[White "Radjabov, Teimour"]
[Black "Rapport, Richard"]
[Result "1/2-1/2"]
[WhiteTitle "GM"]
[BlackTitle "GM"]
[WhiteElo "2741"]
[BlackElo "2692"]
[WhiteFideId "13400924"]
[BlackFideId "738590"]
[EventDate "2017.11.16"]
[EventType "swiss"]

1. d4 d5 2. c4 c6 3. Nf3 e6 4. Bg5 Be7 5. Bxe7 Qxe7 6. Nbd2 Nf6 7. g3 O-O 8. Bg2
b6 9. O-O Bb7 10. Ne5 Nbd7 11. Nxd7 Nxd7 12. Rc1 Rfd8 13. Qb3 Rab8 14. Rfd1 Nf6
15. Qa4 Ba8 16. b3 a5 17. c5 Nd7 18. cxb6 Qb4 19. Qxb4 axb4 20. e3 Rxb6 21. Nf3
Bb7 22. Rc2 Ra8 23. Bf1 Kf8 24. Rdc1 Ke7 25. Ne1 Ra5 26. Kg2 Kd6 27. Nd3 Ba6 28.
Nc5 Bxf1+ 29. Kxf1 Kc7 30. Nd3 Ra8 31. f4 Kd6 32. g4 Rc8 33. h4 Nf6 34. Ne5 Rc7
35. Kg2 Ne4 36. Kf3 1/2-1/2

[Event "Palma De Mallorca GP 2017"]
[Site "Palma de Mallorca ESP"]
[Date "2017.11.25"]
[Round "9.7"]
[White "Hammer, Jon Ludvig"]
[Black "Inarkiev, Ernesto"]
[Result "1/2-1/2"]
[WhiteTitle "GM"]
[BlackTitle "GM"]
[WhiteElo "2629"]
[BlackElo "2683"]
[WhiteFideId "1503707"]
[BlackFideId "4162722"]
[EventDate "2017.11.16"]
[EventType "swiss"]

1. e4 c5 2. Nf3 e6 3. d4 cxd4 4. Nxd4 Nc6 5. Nc3 Qc7 6. g3 a6 7. Bg2 Nf6 8. O-O
Bc5 9. Nxc6 dxc6 10. e5 Qxe5 11. Bf4 Qd4 12. Qe2 Be7 13. Rfd1 Qb6 14. Na4 Qa5
15. b3 O-O 16. Bd2 Qc7 17. Bf4 Qa5 18. Bd2 Qc7 19. Bf4 Qa5 1/2-1/2

[Event "Palma De Mallorca GP 2017"]
[Site "Palma de Mallorca ESP"]
[Date "2017.11.25"]
[Round "9.8"]
[White "Giri, Anish"]
[Black "Vallejo Pons, Francisco"]
[Result "1/2-1/2"]
[WhiteTitle "GM"]
[BlackTitle "GM"]
[WhiteElo "2762"]
[BlackElo "2705"]
[WhiteFideId "24116068"]
[BlackFideId "2205530"]
[EventDate "2017.11.16"]
[EventType "swiss"]

1. c4 e5 2. g3 d6 3. Nc3 f5 4. d4 Be7 5. Bh3 Na6 6. a3 c6 7. dxe5 dxe5 8. Qc2 e4
9. f3 Nf6 10. fxe4 fxe4 11. Bxc8 Rxc8 12. Nxe4 Nxe4 13. Qxe4 O-O 14. Nf3 Bf6 15.
Rb1 Re8 16. Qc2 Qe7 17. g4 Nc5 18. g5 Qd7 19. gxf6 Nd3+ 20. Kf1 Qh3+ 21. Kg1
Qg4+ 22. Kf1 Qh3+ 23. Kg1 Qg4+ 1/2-1/2

[Event "Palma De Mallorca GP 2017"]
[Site "Palma de Mallorca ESP"]
[Date "2017.11.25"]
[Round "9.9"]
[White "Riazantsev, Alexander"]
[Black "Li, Chao b"]
[Result "1/2-1/2"]
[WhiteTitle "GM"]
[BlackTitle "GM"]
[WhiteElo "2651"]
[BlackElo "2741"]
[WhiteFideId "4125029"]
[BlackFideId "8604436"]
[EventDate "2017.11.16"]
[EventType "swiss"]

1. d4 Nf6 2. c4 g6 3. Nc3 d5 4. cxd5 Nxd5 5. e4 Nxc3 6. bxc3 c5 7. Nf3 Bg7 8. h3
Nc6 9. Be3 Qa5 10. Bd2 O-O 11. Be2 e6 12. O-O Qc7 13. Rc1 b6 14. Bg5 h6 15. Be3
Rd8 16. Qa4 Na5 17. dxc5 bxc5 18. e5 Bb7 19. Qh4 1/2-1/2